Data analysis with Python and PySpark (Record no. 297750)

MARC details
000 -LEADER
fixed length control field 00389nam a22001457a 4500
005 - DATE AND TIME OF LATEST TRANSACTION
control field 20241025082416.0
008 - FIXED-LENGTH DATA ELEMENTS--GENERAL INFORMATION
fixed length control field 241025b |||||||| |||| 00| 0 eng d
020 ## - INTERNATIONAL STANDARD BOOK NUMBER
International Standard Book Number 9781617297205
082 ## - DEWEY DECIMAL CLASSIFICATION NUMBER
Classification number 001.6424PYT RIO;1 R
100 ## - MAIN ENTRY--PERSONAL NAME
Personal name Rioux, Jonathan.
245 ## - TITLE STATEMENT
Title Data analysis with Python and PySpark
260 ## - PUBLICATION, DISTRIBUTION, ETC. (IMPRINT)
Place of publication, distribution, etc. New York
Name of publisher, distributor, etc. Manning Publications
Date of publication, distribution, etc. 2022
300 ## - PHYSICAL DESCRIPTION
Extent xix, 434
942 ## - ADDED ENTRY ELEMENTS (KOHA)
Koha item type PESU Books
Holdings
Date last seen Total Checkouts Full call number Accession number Copy number Cost, replacement price Price effective from Category Lost status Source of classification or shelving scheme Damaged status Department Withdrawn status bill no. bill date Permanent Location Current Location Shelving location Entry date Vendor Cost, normal purchase price Grants Currency symbol Conversion rate Discount
25/10/2024   001.6424PYT RIO;1 R PU15474 1 4165.60 25/10/2024 PESU Books   Dewey Decimal Classification   Central Library   KLBH/IN/607/2024-25 07/10/2024 Central Library Central Library Central Library 24/10/2024 KL Book House 5207.00 MCA Rupees 1 20
25/10/2024   001.6424PYT RIO;2 R1 PU15475 2 4165.60 25/10/2024 PESU Books   Dewey Decimal Classification   Central Library   KLBH/IN/607/2024-25 07/10/2024 Central Library Central Library Central Library 24/10/2024 KL Book House 5207.00 MCA Rupees 1 20
25/10/2024   001.6424PYT RIO;3 PU15476 3 4165.60 25/10/2024 PESU Books   Dewey Decimal Classification   Central Library   KLBH/IN/607/2024-25 07/10/2024 Central Library Central Library Central Library 24/10/2024 KL Book House 5207.00 MCA Rupees 1 20

© For any Suggestions or Query, please contact the library staff @ librarian@pes.edu or Phone: +9180 2672 1983/ 2108.